000 00644cam a22002293a 4500
001 7405
003 PGUSA
005 20140828083144.0
008 050201s2005||||xxu|||||s|||||000 | eng d
040 _aPGUSA
_beng
042 _adc
050 4 _aD501
100 1 _aLardner, Ring,
_d1885-1933
245 1 4 _aThe Real Dope
_h[electronic resource] /
_cRing Lardner
260 _bProject Gutenberg,
_c2005
506 _aPublic domain in the USA.
516 _aElectronic text
653 _aWorld War, 1914-1918 -- Caricatures and cartoons
830 0 _aProject Gutenberg
_v7405
856 4 0 _uhttp://www.gutenberg.org/ebooks/7405
942 _cEB
999 _c236725
_d236725